000 01947 a2200313 4500
001 OB-pupo-2379
003 FrMaCLE
005 20251214082734.0
007 cu ||||||m||||
008 141217e||||||||xx |||||s|||||||||0|fr|d
020 _a978-2-8218-5099-6
024 7 _a10.4000/books.pupo.2379
_2doi
040 _aFR-FrMaCLE
041 _afra
100 1 _aDefraigne Tardieu, Geneviève
245 1 2 _aL’Université populaire Quart Monde :
_bLa construction du savoir émancipatoire /
_cGeneviève Defraigne Tardieu.
260 _aNanterre :
_bPresses universitaires de Paris Nanterre,
_c2014.
300 _a378 p.
500 _aEbook
520 _a Créée par Joseph Wresinski en 1972, et depuis constituée en réseau international, l’Université populaire Quart Monde s’inscrit dans la lignée des travaux de praticiens de l’émancipation tels Paulo Freire, Saül Alinsky et Danilo Dolci. Exclus de la société et citoyens soucieux de lutter contre la misère y élaborent ensemble des savoirs facteurs de changements sociaux. Le présent ouvrage s’articule autour d’un axe central : le rapport entre pouvoir, savoir et émancipation. Il interroge l’histoire, le projet, l’ingénierie, les principes de ce lieu où se construit un « penser ensemble », préalable indispensable à tout « vivre ensemble ». Les processus de construction du savoir et d’émancipation sont montrés dans leur émergence, en s’appuyant sur la réflexion et l’analyse des participants qui vivent dans la grande pauvreté.
540 _aOpenEdition Books License
_uhttps://www.openedition.org/12554
650 4 _aEducation & Educational Research
650 4 _aSociology & Anthropology
650 4 _auniversité populaire
650 4 _aémancipation
650 4 _asavoirs
776 _z978-2-84016-099-1
856 4 _eDefraigne Tardieu, Geneviève
_uhttps://books.openedition.org/pupo/2379
_yL’Université populaire Quart Monde
999 _c10330
_d10330